[Event "32. Potsdamer Weihnachtsturnier"]
[Site "Potsdam"]
[Date "2007.12.27"]
[Round "1.1"]
[White "Figura, Atila Gajo"]
[Black "Bachran, Boris"]
[Result "1-0"]
[WhiteElo "2414"]
[BlackElo "1932"]
[PlyCount "127"]

1. d4 d5 2. c4 e6 3. Nc3 c6 4. e3 f5 5. Nf3 Nf6 6. Bd3 Bd6 7. O-O O-O 8. b3 Ne4
9. Bb2 Rf6 10. Ne2 Rh6 11. Ne5 Qh4 12. h3 g5 13. f3 Ng3 14. Nxg3 Qxg3 15. Qe1
Bxe5 16. dxe5 Qxe1 17. Rfxe1 Nd7 18. Rac1 Nb6 19. f4 Rg6 20. g4 gxf4 21. exf4
Rg7 22. Kf2 fxg4 23. hxg4 Rxg4 24. Rg1 Rxg1 25. Rxg1+ Kf7 26. Bxh7 dxc4 27.
Bg6+ Ke7 28. Ba3+ Kd8 29. Bf7 c5 30. Bxc5 Kc7 31. Rc1 Bd7 32. Bd6+ Kc6 33. Bg6
Kb5 34. bxc4+ Ka5 35. a3 Na4 36. Be4 Ka6 37. Rb1 Bc6 38. Bxc6 bxc6 39. Kf3 Nb6
40. Rc1 Rh8 41. Ke4 Rh5 42. Bc5 Nd7 43. Be3 Nb6 44. Bxb6 axb6 45. Rg1 Rh6 46.
Rg7 b5 47. cxb5+ cxb5 48. Rf7 Rh3 49. Rf6 Rxa3 50. Rxe6+ Ka5 51. Re8 Ra4+ 52.
Kf5 b4 53. Ra8+ Kb5 54. Rxa4 Kxa4 55. e6 b3 56. e7 b2 57. e8=Q+ Ka3 58. Qb5 Ka2
59. Qa4+ Kb1 60. Ke4 Kc1 61. Qc4+ Kd2 62. Qb3 Kc1 63. Qxb2+ Kxb2 64. f5 1-0

[Event "32. Potsdamer Weihnachtsturnier"]
[Site "Potsdam"]
[Date "2007.12.27"]
[Round "1.2"]
[White "Zimmermann, Rene"]
[Black "Reichenbach, Werner"]
[Result "0-1"]
[WhiteElo "1917"]
[BlackElo "2335"]
[PlyCount "122"]

1. d4 Nf6 2. c4 e6 3. f3 d5 4. cxd5 exd5 5. Nc3 c5 6. e3 Nc6 7. Bb5 a6 8. Bxc6+
bxc6 9. Nge2 Bd6 10. O-O O-O 11. Kh1 Re8 12. Qc2 Qc7 13. dxc5 Bxc5 14. e4 dxe4
15. Nxe4 Nxe4 16. fxe4 Qe7 17. Ng3 Bd6 18. Bf4 Bxf4 19. Rxf4 Qe5 20. Qxc6 Be6
21. Rf2 Rec8 22. Qa4 Rc4 23. Qd1 Rd4 24. Rd2 Rad8 25. Rxd4 Rxd4 26. Qc2 h5 27.
Re1 h4 28. Nf1 h3 29. Ng3 Qf4 30. Rd1 Rc4 31. Qd3 hxg2+ 32. Kxg2 g6 33. b3 Rc8
34. Qd2 Qh4 35. Kg1 Bg4 36. Rf1 Bh3 37. Rc1 Rd8 38. Qf2 Qg5 39. Re1 Qa5 40. Nf1
Qc3 41. Re3 Rd3 42. Rg3 Bxf1 43. Qxf1 Qd4+ 44. Kg2 Rd2+ 45. Kh3 Qh8+ 46. Kg4
Qh5+ 47. Kf4 Qxh2 48. Kf3 Rxa2 49. Rh3 Qc2 50. Kf4 Qd2+ 51. Kg4 Qd4 52. Qc4
Rg2+ 53. Rg3 Rxg3+ 54. Kxg3 Qxc4 55. bxc4 Kf8 56. Kf4 Ke7 57. Ke5 f6+ 58. Kd4
Kd7 59. c5 a5 60. c6+ Kc7 61. Kc5 a4 0-1

[Event "32. Potsdamer Weihnachtsturnier"]
[Site "Potsdam"]
[Date "2007.12.27"]
[Round "1.3"]
[White "Schöne, Ralf"]
[Black "Scholz, Robert"]
[Result "1-0"]
[WhiteElo "2324"]
[BlackElo "1914"]
[PlyCount "41"]

1. d4 f5 2. c4 Nf6 3. Nc3 g6 4. g3 Bg7 5. Bg2 O-O 6. Nf3 d6 7. O-O Qe8 8. b3 e5
9. e3 e4 10. Ne1 g5 11. f3 exf3 12. Nxf3 g4 13. Nh4 Ne4 14. Nxe4 fxe4 15. Rxf8+
Kxf8 16. Qc2 c5 17. Bb2 cxd4 18. Rf1+ Kg8 19. exd4 e3 20. Be4 Bh6 21. Bxh7+ 1-0

[Event "32. Potsdamer Weihnachtsturnier"]
[Site "Potsdam"]
[Date "2007.12.27"]
[Round "1.4"]
[White "Sonntag, Sven"]
[Black "Holzschuh, Stephan"]
[Result "0-1"]
[WhiteElo "1894"]
[BlackElo "2297"]
[PlyCount "58"]

1. c4 Nf6 2. d4 c5 3. d5 b5 4. Nc3 bxc4 5. Qa4 g6 6. e4 Bg7 7. Bxc4 O-O 8. e5
Ng4 9. f4 d6 10. h3 Nh6 11. Nf3 Nd7 12. exd6 exd6 13. O-O Nb6 14. Qc6 Bd7 15.
Qxd6 Nf5 16. Qxc5 Rc8 17. Qf2 Rxc4 18. g4 Nd6 19. Ne5 Rc8 20. Be3 Nbc4 21. Bc5
Re8 22. Rfe1 Qc7 23. b4 a5 24. Ne4 axb4 25. Nxd6 Nxd6 26. Nxd7 Qxd7 27. Bxb4
Ne4 28. Qf3 Qxd5 29. Re2 Qd4+ 0-1

[Event "32. Potsdamer Weihnachtsturnier"]
[Site "Potsdam"]
[Date "2007.12.27"]
[Round "1.5"]
[White "Trenner, Rolf"]
[Black "Karanuaharamoorthy"]
[Result "1-0"]
[WhiteElo "2261"]
[BlackElo "1877"]
[PlyCount "59"]

1. d4 d5 2. Nf3 Nf6 3. c4 e6 4. Bg5 Be7 5. Nc3 b6 6. e3 Bb7 7. Rc1 Nbd7 8. cxd5
exd5 9. Bd3 O-O 10. O-O h6 11. Bh4 Ne4 12. Bg3 Nxg3 13. hxg3 Nf6 14. Bb1 Rc8
15. Nb5 a6 16. Na7 Ra8 17. Nc6 Qe8 18. Nxe7+ Qxe7 19. Ne5 c5 20. Qb3 Qd6 21.
Qd3 g6 22. Nxg6 fxg6 23. Qxg6+ Kh8 24. Qxh6+ Kg8 25. Qg6+ Kh8 26. dxc5 bxc5 27.
Kh2 Rf7 28. Qxf7 Ng4+ 29. Kg1 Qh6 30. Qh7+ 1-0

[Event "32. Potsdamer Weihnachtsturnier"]
[Site "Potsdam"]
[Date "2007.12.27"]
[Round "1.6"]
[White "Jäger, Marco"]
[Black "Mantau, Jan"]
[Result "0-1"]
[WhiteElo "1867"]
[BlackElo "2230"]
[PlyCount "64"]

1. e4 c5 2. Nf3 e6 3. b3 Nf6 4. e5 Nd5 5. c4 Nc7 6. Bb2 Nc6 7. d4 cxd4 8. Bxd4
Nxd4 9. Qxd4 Bb4+ 10. Nbd2 Qe7 11. Bd3 O-O 12. O-O f5 13. Rad1 b6 14. Bc2 Bb7
15. Qf4 h6 16. Qg3 Qf7 17. Qh3 Rad8 18. Nd4 d5 19. exd6 Rxd6 20. N2f3 Rfd8 21.
Qg3 Qf6 22. h3 f4 23. Qg4 e5 24. Nf5 Rxd1 25. Rxd1 Rxd1+ 26. Bxd1 Ne6 27. N3h4
Be4 28. Bf3 h5 29. Qxh5 g6 30. Qxg6+ Qxg6 31. Nxg6 Bxf5 32. Ne7+ Bxe7 0-1

[Event "32. Potsdamer Weihnachtsturnier"]
[Site "Potsdam"]
[Date "2007.12.27"]
[Round "1.7"]
[White "Brüdigam, Martin"]
[Black "Binder, Thomas"]
[Result "1-0"]
[WhiteElo "2197"]
[BlackElo "1832"]
[PlyCount "97"]

1. d4 d5 2. c4 c6 3. Nf3 Nf6 4. Nc3 dxc4 5. a4 Bf5 6. e3 e6 7. Bxc4 Bb4 8. O-O
O-O 9. Qb3 Qe7 10. h3 h6 11. Ne5 Nbd7 12. Nxd7 Nxd7 13. e4 Bg6 14. f3 Nb6 15.
a5 Nxc4 16. Qxc4 a6 17. Ne2 Bd6 18. Bf4 e5 19. dxe5 Bxe5 20. Bxe5 Qxe5 21. Qd4
Qe7 22. Rfd1 Rfd8 23. Qc4 Rd7 24. Rxd7 Qxd7 25. Nc3 Rd8 26. Rd1 Qc7 27. Qc5
Rxd1+ 28. Nxd1 Qd8 29. Ne3 f6 30. Nc4 Qd1+ 31. Kh2 Qc1 32. b4 Qf4+ 33. Kg1 Qc1+
34. Kf2 Qc2+ 35. Kg3 Bf7 36. Nd6 Qxc5 37. bxc5 Kf8 38. Nxb7 Ke7 39. Kf4 g5+ 40.
Ke3 Bc4 41. g3 Be6 42. h4 Bd7 43. Nd6 Be6 44. f4 Kd7 45. hxg5 hxg5 46. f5 Bg8
47. e5 fxe5 48. Ke4 Bd5+ 49. Kxe5 1-0

[Event "32. Potsdamer Weihnachtsturnier"]
[Site "Potsdam"]
[Date "2007.12.27"]
[Round "1.8"]
[White "Nekrassova, Ekatherina"]
[Black "Püschel, Werner"]
[Result "0-1"]
[WhiteElo "1791"]
[BlackElo "2177"]
[PlyCount "84"]

1. e4 c5 2. Nf3 e6 3. d4 cxd4 4. Nxd4 a6 5. Nc3 b5 6. a3 Qc7 7. Be2 Bb7 8. O-O
Nf6 9. f3 h5 10. Be3 Bc5 11. Bf2 g5 12. Kh1 h4 13. Qd2 Qe5 14. f4 gxf4 15. Nf3
Qc7 16. Bxc5 Qxc5 17. Qxf4 Nh5 18. Qxh4 Qe7 19. Qxe7+ Kxe7 20. Kg1 Nc6 21. Rad1
d6 22. Nd4 Ne5 23. Bxh5 Rxh5 24. h3 Nc4 25. Rf3 Nxb2 26. Rdf1 Rh7 27. Rf4 Nc4
28. Nb1 Rg8 29. Kf2 e5 30. Nf5+ Ke6 31. Rh4 Rxh4 32. Nxh4 Bxe4 33. c3 f5 34.
Nf3 f4 35. Rg1 Rg3 36. h4 Kf6 37. Nfd2 d5 38. Nf3 Bxf3 39. gxf3 Rxg1 40. Kxg1
e4 41. fxe4 dxe4 42. Kf2 e3+ 0-1

[Event "32. Potsdamer Weihnachtsturnier"]
[Site "Potsdam"]
[Date "2007.12.27"]
[Round "1.9"]
[White "Schulz, Wolfgang"]
[Black "Grigoleit, Eckhard"]
[Result "0-1"]
[WhiteElo "2173"]
[BlackElo "1757"]
[PlyCount "62"]

1. e4 e5 2. Nf3 Nc6 3. Bb5 Bd6 4. O-O Nf6 5. Re1 a6 6. Ba4 b5 7. Bb3 h6 8. d4
O-O 9. c3 Qe7 10. Bd5 Bb7 11. g3 Rae8 12. dxe5 Bxe5 13. Nxe5 Nxd5 14. Nxc6 Bxc6
15. Bd2 Nb6 16. f3 Nc4 17. b3 Ne5 18. Bf4 f5 19. Re3 g5 20. Bxe5 Qxe5 21. b4 f4
22. gxf4 Rxf4 23. Nd2 Rh4 24. Qe2 d5 25. Rc1 Bd7 26. Re1 Qe6 27. Nf1 dxe4 28.
fxe4 Qb6 29. Kh1 Bg4 30. Qd3 Rf8 31. Qd5+ Be6 0-1

[Event "32. Potsdamer Weihnachtsturnier"]
[Site "Potsdam"]
[Date "2007.12.27"]
[Round "1.10"]
[White "Schrodt, Horst"]
[Black "Friedrich, Jan"]
[Result "0-1"]
[WhiteElo "1670"]
[BlackElo "2160"]
[PlyCount "56"]

1. d4 Nf6 2. c4 e6 3. Nc3 Bb4 4. e3 O-O 5. Bd3 c5 6. Nge2 d5 7. O-O Nc6 8. cxd5
exd5 9. dxc5 Bxc5 10. a3 a6 11. Qc2 Ba7 12. b4 Be6 13. Bb2 Rc8 14. Rac1 Ne5 15.
Nd4 Qd6 16. Nf5 Qd7 17. Ng3 d4 18. exd4 Nxd3 19. Qxd3 Bc4 20. Qf5 Bxf1 21. Qxd7
Nxd7 22. Kxf1 Bxd4 23. Nf5 Bf6 24. Rd1 Nb6 25. Nd5 Nxd5 26. Bxf6 Nxf6 27. Ne7+
Kh8 28. Nxc8 Rxc8 0-1

[Event "32. Potsdamer Weihnachtsturnier"]
[Site "Potsdam"]
[Date "2007.12.27"]
[Round "1.11"]
[White "Lenhardt, Manfred"]
[Black "Kämmler, Florian"]
[Result "1-0"]
[WhiteElo "2155"]
[BlackElo "1612"]
[PlyCount "95"]

1. g3 Nf6 2. Bg2 d5 3. Nh3 e6 4. d3 b6 5. c3 Bb7 6. Na3 Nbd7 7. Nc2 a5 8. O-O
Be7 9. f3 h5 10. Nf2 h4 11. g4 Nh7 12. h3 c6 13. e4 Qc7 14. Be3 Qg3 15. Nh1 Qd6
16. d4 f6 17. f4 dxe4 18. Bxe4 f5 19. Bf3 fxg4 20. hxg4 g5 21. Qd2 gxf4 22.
Bxf4 e5 23. dxe5 Qxd2 24. Bxd2 Nxe5 25. Rae1 Nxf3+ 26. Rxf3 Rg8 27. Nf2 Rd8 28.
Rfe3 Rd7 29. Nd4 Kd8 30. R3e2 Ng5 31. Bxg5 Bxg5 32. Ne6+ Kc8 33. Nxg5 Rxg5 34.
Kh2 Rgg7 35. Kh3 Rh7 36. Ne4 Ba6 37. Re3 Rd3 38. Rxd3 Bxd3 39. Nf6 Rh6 40. Re8+
Kc7 41. Re7+ Kc8 42. Nh5 Bg6 43. Kxh4 Bxh5 44. gxh5 Kd8 45. Rb7 Rd6 46. Kg5
Rd5+ 47. Kg6 Kc8 48. Rf7 1-0

[Event "32. Potsdamer Weihnachtsturnier"]
[Site "Potsdam"]
[Date "2007.12.27"]
[Round "1.12"]
[White "Steppan, Siegfried"]
[Black "Peschke, Uwe"]
[Result "0-1"]
[WhiteElo "1583"]
[BlackElo "2144"]
[PlyCount "116"]

1. d4 Nf6 2. c4 g6 3. Nc3 d5 4. Nf3 Bg7 5. e3 O-O 6. cxd5 Nxd5 7. Be2 c5 8. Qb3
Nxc3 9. bxc3 Nc6 10. O-O cxd4 11. cxd4 b6 12. Bb2 Be6 13. Qb5 Bd7 14. Qb3 Be6
15. Qb5 Qd6 16. a4 a6 17. Qg5 f6 18. Qh4 Bd5 19. Ba3 Qe6 20. Rfc1 Rf7 21. Rc3
Bf8 22. Rac1 Na5 23. Nd2 Nb3 24. Nxb3 Bxb3 25. Bf3 Bd5 26. Bxd5 Qxd5 27. Qg3
Qa5 28. Qf3 Rb8 29. Qc6 b5 30. axb5 axb5 31. Qc7 Qxc7 32. Rxc7 b4 33. Bb2 e6
34. Rxf7 Kxf7 35. Rc7+ Ke8 36. Kf1 Ra8 37. Rc2 Ra2 38. Ke1 b3 39. Re2 Bb4+ 40.
Kd1 Ke7 41. Kc1 Kd6 42. e4 Bc3 43. e5+ fxe5 44. dxe5+ Kd5 45. f4 Bxb2+ 46. Rxb2
Ra1+ 47. Rb1 Rxb1+ 48. Kxb1 Ke4 49. g3 Kf3 50. Kb2 h5 51. Kxb3 Kg2 52. Kc4 Kxh2
53. Kc5 Kxg3 54. Kd6 h4 55. Kxe6 h3 56. Kf6 h2 57. e6 h1=Q 58. e7 Qh4+ 0-1

[Event "32. Potsdamer Weihnachtsturnier"]
[Site "Potsdam"]
[Date "2007.12.27"]
[Round "1.13"]
[White "Welz, Peter"]
[Black "Illner, Kristof"]
[Result "1/2-1/2"]
[WhiteElo "2139"]
[BlackElo "2028"]
[PlyCount "73"]

1. e4 e5 2. Nf3 Nc6 3. d4 exd4 4. Nxd4 Bc5 5. Nb3 Bb6 6. a4 a5 7. Nc3 Qf6 8.
Qe2 Nge7 9. Nd5 Nxd5 10. exd5+ Ne7 11. g3 d6 12. Bg2 Bg4 13. f3 Bd7 14. Be3
Bxe3 15. Qxe3 O-O 16. O-O Nxd5 17. Qd2 Nb6 18. Nxa5 Nxa4 19. f4 Nxb2 20. Qb4
Ra7 21. Rae1 b6 22. Nc6 Ra4 23. Qb3 Bxc6 24. Bxc6 Rc4 25. Bg2 Qd4+ 26. Kh1 Qc3
27. Qb5 Qxc2 28. Re8 Nd3 29. Bd5 Nf2+ 30. Rxf2 Qd1+ 31. Kg2 Rc5 32. Bxf7+ Kxf7
33. Qd7+ Kg6 34. Rxf8 Qd5+ 35. Kh3 Qh5+ 36. Kg2 Qd5+ 37. Kh3 1/2-1/2

[Event "32. Potsdamer Weihnachtsturnier"]
[Site "Potsdam"]
[Date "2007.12.27"]
[Round "1.14"]
[White "Blomel, Chistopher"]
[Black "Hein, Carsten"]
[Result "1-0"]
[WhiteElo "1839"]
[BlackElo "2133"]
[PlyCount "147"]

1. e4 c5 2. Nf3 e6 3. d4 cxd4 4. c3 Nf6 5. e5 Nd5 6. cxd4 d6 7. Nc3 Nxc3 8.
bxc3 Nc6 9. Bf4 Be7 10. Bd3 d5 11. O-O Bd7 12. Rb1 b6 13. Qe2 Rc8 14. Ne1 Na5
15. Bd2 Nc4 16. Bxc4 Rxc4 17. Nc2 Ra4 18. Rb2 h5 19. f4 g6 20. Ne3 Qc8 21. Rfb1
Qc6 22. Rc2 b5 23. Rb3 a6 24. Bc1 Bc8 25. Nd1 Bb7 26. Kf2 Bh4+ 27. g3 Be7 28.
h3 Kd7 29. Ne3 Ke8 30. Ke1 Kd7 31. h4 Rc8 32. Kd2 Qb6 33. a3 Qa5 34. Ra2 Rxd4+
35. Ke1 Re4 36. Qd3 Qa4 37. Rbb2 Qc4 38. Qxc4 Rcxc4 39. Kd2 Rc7 40. Kd3 Ra4 41.
Nc2 Rac4 42. Bd2 Ra4 43. Be3 f6 44. Bd4 fxe5 45. Bxe5 Rc8 46. Bd4 Bd6 47. Rb1
a5 48. Rba1 Ba6 49. Kd2 Re8 50. Ne1 e5 51. fxe5 Bxe5 52. Bxe5 Rxe5 53. Nd3 Kd6
54. Nxe5 Kxe5 55. Re1+ Kf5 56. Rf1+ Ke5 57. Raa1 d4 58. Rf8 dxc3+ 59. Kxc3 b4+
60. Kb3 Rxa3+ 61. Rxa3 bxa3 62. Ra8 Bd3 63. Rxa5+ Kd4 64. Rxa3 Bf5 65. Ra4+ Ke3
66. Rf4 Be4 67. Kc4 Bf3 68. Rf6 Bg4 69. Kd5 Bf3+ 70. Ke5 Be4 71. Rf4 Bc2 72.
Kf6 Bb1 73. Kg5 Bc2 74. Rf6 1-0

[Event "32. Potsdamer Weihnachtsturnier"]
[Site "Potsdam"]
[Date "2007.12.27"]
[Round "1.15"]
[White "Schmidt, Prof. Jörg"]
[Black "Schrodt, Sebastian"]
[Result "0-1"]
[WhiteElo "2117"]
[BlackElo "1764"]
[PlyCount "115"]

1. e4 e5 2. Nf3 d6 3. d4 exd4 4. Nxd4 Nf6 5. Nc3 Be7 6. Be2 O-O 7. O-O Re8 8.
f4 Bf8 9. Bf3 c6 10. Kh1 Qc7 11. Be3 Nbd7 12. Nb3 b5 13. e5 Bb7 14. exf6 Rxe3
15. fxg7 Bxg7 16. Qd2 Rae8 17. Rae1 R3e7 18. Rxe7 Rxe7 19. Nd4 Bxd4 20. Qxd4 c5
21. Qf2 Bxf3 22. Qxf3 Nf6 23. f5 d5 24. Nxd5 Nxd5 25. Qxd5 Qe5 26. Qd8+ Kg7 27.
h3 f6 28. Qd2 Qxb2 29. Rf3 Qe5 30. Qd3 c4 31. Rg3+ Kf8 32. Qf3 a5 33. Qg4 Ke8
34. h4 Qd6 35. Qf3 Re1+ 36. Kh2 Qe5 37. Qc6+ Kd8 38. Qa8+ Kd7 39. Qb7+ Kd6 40.
Qb6+ Ke7 41. Qb7+ Ke8 42. h5 Re4 43. Qc8+ Ke7 44. Kh3 Kd6 45. c3 Qe8 46. Qa6+
Ke5 47. Kh2 Rh4+ 48. Kg1 Kxf5 49. Rf3+ Rf4 50. Rxf4+ Kxf4 51. Qxf6+ Ke3 52.
Qd4+ Ke2 53. h6 Qe3+ 54. Kh2 Qxh6+ 55. Kg1 Qe3+ 56. Kh2 Qxd4 57. cxd4 c3 58. d5
0-1

[Event "32. Potsdamer Weihnachtsturnier"]
[Site "Potsdam"]
[Date "2007.12.27"]
[Round "1.16"]
[White "Petrak, Falk"]
[Black "Zschäbitz, Klaus"]
[Result "0-1"]
[WhiteElo "1760"]
[BlackElo "2101"]
[PlyCount "84"]

1. Nf3 d5 2. d4 Nf6 3. c4 c6 4. Nc3 a6 5. cxd5 cxd5 6. e3 Nc6 7. a3 Bg4 8. h3
Bh5 9. Qb3 Na5 10. Qa4+ Nc6 11. Ne5 Qb6 12. Bd2 e6 13. Rc1 Be7 14. Bb5 Rc8 15.
Bxa6 Ra8 16. Nxc6 Rxa6 17. Na5+ Nd7 18. Nb5 Bd8 19. Bb4 Rxa5 20. Qxa5 Qxa5 21.
Bxa5 Bxa5+ 22. b4 Bd8 23. Nd6+ Ke7 24. Nxb7 Bb6 25. Kd2 Ra8 26. Rc3 f6 27. Ra1
Be8 28. Kc2 Ra7 29. Nc5 Nxc5 30. dxc5 Bc7 31. f4 Ba4+ 32. Kc1 Kd7 33. Rb1 Kc6
34. Rb2 e5 35. f5 e4 36. Kd2 Be5 37. Ra2 d4 38. exd4 Bxd4 39. Rg3 Re7 40. Ke1
e3 41. Re2 Bb5 42. Rg4 Bc3+ 0-1

[Event "32. Potsdamer Weihnachtsturnier"]
[Site "Potsdam"]
[Date "2007.12.27"]
[Round "1.17"]
[White "Schlüter, Bernd"]
[Black "Lange, Werner"]
[Result "1-0"]
[WhiteElo "2083"]
[BlackElo "1758"]
[PlyCount "104"]

1. d4 d5 2. Nf3 Bf5 3. c4 c6 4. Nc3 e6 5. Qb3 Qb6 6. c5 Qxb3 7. axb3 Na6 8. Bd2
Nc7 9. Bf4 Na6 10. e3 Nb4 11. Kd2 Be7 12. Ra4 a5 13. Bc7 Bd8 14. Bxd8 Kxd8 15.
Be2 Nf6 16. Rha1 Kc7 17. Rxa5 Rxa5 18. Rxa5 Rb8 19. Ne5 Bg6 20. g4 Nd7 21. Nxd7
Kxd7 22. Na4 e5 23. Nb6+ Kc7 24. Kc3 Nc2 25. dxe5 Ne1 26. f4 Be4 27. Ra8 Ng2
28. Rxb8 Kxb8 29. Kd4 Ne1 30. Bd1 Bf3 31. Bxf3 Nxf3+ 32. Kd3 Nxh2 33. g5 g6 34.
b4 Nf1 35. Ke2 Ng3+ 36. Kf3 Nf5 37. Nd7+ Kc8 38. Nf8 h5 39. gxh6 Nxh6 40. Nh7
Kd7 41. Ng5 Ke7 42. e4 dxe4+ 43. Kxe4 Kd7 44. Kd4 Nf5+ 45. Kc3 Ke7 46. Ne4 Ne3
47. Nd6 Nd5+ 48. Kc4 Nxf4 49. Nxb7 g5 50. Nd6 g4 51. Nf5+ Ke6 52. Ng3 Kxe5 1-0

[Event "32. Potsdamer Weihnachtsturnier"]
[Site "Potsdam"]
[Date "2007.12.27"]
[Round "1.18"]
[White "Geike, Eberhard"]
[Black "Rietze, Clemens"]
[Result "0-1"]
[WhiteElo "1739"]
[BlackElo "2083"]
[PlyCount "74"]

1. e4 e5 2. Nf3 Nc6 3. Bc4 Nf6 4. d3 Be7 5. O-O d6 6. h3 O-O 7. Be3 Na5 8. Bb3
c6 9. c4 Nxb3 10. Qxb3 h6 11. Nbd2 Qc7 12. Qc3 Re8 13. b4 Bf8 14. a4 g6 15. b5
Nh5 16. Kh2 f5 17. exf5 gxf5 18. g3 Bg7 19. c5 d5 20. b6 Qd7 21. Ng1 d4 22. Qc2
dxe3 23. fxe3 axb6 24. Nc4 Qe7 25. Nxb6 Ra5 26. Nxc8 Rxc8 27. Rxf5 Nf6 28. Raf1
Rxc5 29. Qb3+ Qf7 30. Qb2 Rd5 31. Nf3 e4 32. Nd4 Rxf5 33. Rxf5 c5 34. dxe4 cxd4
35. e5 Qe6 36. g4 d3 37. exf6 Rc2+ 0-1

[Event "32. Potsdamer Weihnachtsturnier"]
[Site "Potsdam"]
[Date "2007.12.27"]
[Round "1.19"]
[White "Wiezer, Siegfried"]
[Black "Göpel, Martin"]
[Result "1/2-1/2"]
[WhiteElo "2065"]
[BlackElo "1732"]
[PlyCount "105"]

1. Nf3 c5 2. c4 Nc6 3. Nc3 Nf6 4. d3 d5 5. cxd5 Nxd5 6. Qb3 e6 7. e4 Nxc3 8.
bxc3 e5 9. Be2 Be7 10. O-O O-O 11. Be3 b6 12. Rfd1 Bf6 13. Rac1 Bb7 14. Ne1 Qe7
15. Nc2 Rfd8 16. a4 Na5 17. Qa2 c4 18. f3 cxd3 19. Bxd3 Rac8 20. Nb4 Bg5 21.
Bxg5 Qxg5 22. Qe2 Nb3 23. Rc2 Nc5 24. Nd5 Nxa4 25. Bc4 Bxd5 26. Rxd5 Rxd5 27.
exd5 Qf4 28. d6 Rd8 29. Bb5 Rxd6 30. g3 Nxc3 31. gxf4 Nxe2+ 32. Rxe2 f6 33.
fxe5 fxe5 34. Rxe5 Rd2 35. Bc4+ Kf8 36. Rf5+ Ke8 37. Bg8 h6 38. Rf7 Rd7 39. Rf4
Rd2 40. Rf7 Rd7 41. Rxd7 Kxd7 42. Kf2 Kd6 43. Ke3 Ke5 44. f4+ Kf5 45. Kf3 b5
46. Bb3 a5 47. Bc2+ Kf6 48. h4 g6 49. Ke4 g5 50. hxg5+ hxg5 51. f5 a4 52. Bd1
a3 53. Bb3 1/2-1/2

[Event "32. Potsdamer Weihnachtsturnier"]
[Site "Potsdam"]
[Date "2007.12.27"]
[Round "1.20"]
[White "Hahn, Thomas"]
[Black "Allgaier, Erik"]
[Result "0-1"]
[WhiteElo "1714"]
[BlackElo "2060"]
[PlyCount "74"]

1. d4 d6 2. Bf4 g6 3. e3 Bg7 4. Nf3 Nf6 5. Bd3 Nh5 6. Bg5 O-O 7. Nbd2 b6 8. Qe2
c5 9. c3 a5 10. O-O Ba6 11. Bxa6 Nxa6 12. Rfe1 h6 13. Bh4 Qd7 14. a3 Nc7 15.
Rad1 Rae8 16. e4 Qg4 17. Bg3 Ne6 18. Qe3 Nxg3 19. hxg3 cxd4 20. cxd4 Rc8 21.
Rc1 Qh5 22. Qd3 a4 23. Rc4 Qb5 24. Rec1 g5 25. b4 g4 26. Nh4 Nxd4 27. Qe3 Rxc4
28. Rxc4 Nb3 29. Rc2 Qg5 30. Qxg5 hxg5 31. Nf5 Bf6 32. Nxb3 axb3 33. Rb2 Bxb2
34. Nxe7+ Kh7 35. Nf5 Bxa3 36. Nxd6 Bxb4 37. Nf5 b2 0-1

[Event "32. Potsdamer Weihnachtsturnier"]
[Site "Potsdam"]
[Date "2007.12.27"]
[Round "1.21"]
[White "Pohl, Mathias"]
[Black "Bielick, Jakob"]
[Result "1-0"]
[WhiteElo "2059"]
[BlackElo "1688"]
[PlyCount "59"]

1. d4 d5 2. c4 e6 3. Nc3 Nf6 4. Bg5 Nbd7 5. Nf3 c6 6. e3 Qa5 7. Qc2 Bb4 8. Nd2
O-O 9. Bh4 dxc4 10. Bxc4 e5 11. Nb3 Qc7 12. O-O Bd6 13. Bg3 Nh5 14. Rfd1 Nxg3
15. hxg3 Nf6 16. Rac1 Bg4 17. Be2 Rfe8 18. Bxg4 Nxg4 19. d5 cxd5 20. Nxd5 Qxc2
21. Rxc2 e4 22. Nd4 Rad8 23. Nf5 Bf8 24. Rc7 g6 25. Nfe7+ Kg7 26. Rd4 Bxe7 27.
Nxe7 Kf6 28. Nd5+ Ke5 29. Rc5 Rc8 30. Nc7+ 1-0

[Event "32. Potsdamer Weihnachtsturnier"]
[Site "Potsdam"]
[Date "2007.12.27"]
[Round "1.22"]
[White "Aleanakian, Gabriel"]
[Black "Platzek, Janine"]
[Result "0-1"]
[WhiteElo "1650"]
[BlackElo "2039"]
[PlyCount "66"]

1. Nf3 Nf6 2. c4 g6 3. Nc3 Bg7 4. e4 d6 5. d4 O-O 6. Be2 Nbd7 7. O-O e5 8. dxe5
dxe5 9. Bg5 h6 10. Bh4 c6 11. Qd2 Qc7 12. b4 Kh7 13. Rfd1 Nh5 14. Be7 Re8 15.
Bd6 Qd8 16. Rac1 Nf4 17. Bf1 Qf6 18. Ne2 Nh3+ 19. gxh3 Qxf3 20. Bg2 Qf6 21. Rc3
Nf8 22. Rd3 Ne6 23. Rf3 Qh4 24. Rxf7 Ng5 25. Re7 Bxh3 26. Qe3 Bxg2 27. Kxg2
Qg4+ 28. Kf1 Nxe4 29. Rxb7 Re6 30. c5 Rae8 31. Ke1 Rf6 32. Ng3 Nxf2 33. Bxe5
Qxd1# 0-1

[Event "32. Potsdamer Weihnachtsturnier"]
[Site "Potsdam"]
[Date "2007.12.27"]
[Round "1.23"]
[White "Lindemann, Frank"]
[Black "Schröder, Helge"]
[Result "1-0"]
[WhiteElo "2034"]
[BlackElo "1601"]
[PlyCount "67"]

1. e4 e5 2. Nf3 Nc6 3. Bc4 d6 4. c3 Be6 5. Bxe6 fxe6 6. Qb3 Qd7 7. Ng5 Nd8 8.
d4 exd4 9. cxd4 Be7 10. Nc3 h6 11. Nf3 b6 12. Be3 Nb7 13. Rc1 O-O-O 14. Nb5 Kb8
15. Nxc7 Rc8 16. Na6+ Ka8 17. O-O Nf6 18. d5 e5 19. Nd2 Nc5 20. Nxc5 bxc5 21.
f3 Rb8 22. Qa3 g5 23. h3 Rb4 24. Rc4 Rhb8 25. Rxb4 Rxb4 26. b3 Nh5 27. Nc4 Bd8
28. Qa6 Bb6 29. Rb1 Nf4 30. a3 Rb5 31. a4 Rb4 32. Bd2 Ne2+ 33. Kf2 Rxc4 34.
bxc4 1-0

[Event "32. Potsdamer Weihnachtsturnier"]
[Site "Teltow"]
[Date "2007.12.27"]
[Round "1.24"]
[White "Roitzsch, Hans-Werner"]
[Black "Bernhöft, Erhard"]
[Result "0-1"]
[WhiteElo "1600"]
[BlackElo "2031"]
[PlyCount "124"]

1. e4 c5 2. d4 cxd4 3. c3 dxc3 4. Nxc3 Nc6 5. Nf3 e6 6. Bc4 Nf6 7. e5 Ng4 8.
Bf4 Qa5 9. Qe2 Bb4 10. Rc1 f6 11. a3 Bxc3+ 12. Rxc3 Ngxe5 13. Nxe5 Nxe5 14. b4
Qd8 15. Bxe5 fxe5 16. Qh5+ g6 17. Qxe5 Rf8 18. Rd3 Qf6 19. Qxf6 Rxf6 20. Ke2
Rb8 21. Re1 b5 22. Ba2 Bb7 23. f3 Rc8 24. Kd2 Ke7 25. Rc1 Rxc1 26. Kxc1 Rf5 27.
Rc3 Kd8 28. Kd2 Rh5 29. h3 Rg5 30. g4 Re5 31. Re3 Rxe3 32. Kxe3 Ke7 33. Bb1 Kf6
34. Bd3 a6 35. Be4 d5 36. Bc2 e5 37. h4 h6 38. h5 gxh5 39. gxh5 d4+ 40. Kf2 Kg5
41. Bd1 Kf4 42. Be2 Bc6 43. Bd1 d3 44. Kg2 Be8 45. Kf2 Bxh5 46. Kg2 e4 47. Kf2
e3+ 48. Kg2 e2 49. Bxe2 dxe2 50. Kf2 Bxf3 51. Ke1 h5 52. Kf2 h4 53. Ke1 Ke3 54.
a4 h3 55. a5 Kd3 56. Kf2 Kd2 57. Kxf3 e1=Q 58. Kf4 h2 59. Kg4 h1=Q 60. Kf5 Qf3+
61. Kg5 Qg1+ 62. Kh4 Qfh1# 0-1

[Event "32. Potsdamer Weihnachtsturnier"]
[Site "Potsdam"]
[Date "2007.12.27"]
[Round "1.25"]
[White "Schirrmacher, Carsten"]
[Black "Köckeritz, Dieter"]
[Result "1-0"]
[WhiteElo "2021"]
[BlackElo "1580"]
[PlyCount "47"]

1. d4 Nf6 2. Bg5 d5 3. Bxf6 exf6 4. e3 Bf5 5. Bd3 Bxd3 6. Qxd3 c6 7. Ne2 Bd6 8.
Nd2 Qc7 9. c4 dxc4 10. Nxc4 Bb4+ 11. Nc3 Nd7 12. Qe4+ Kf8 13. O-O Nb6 14. Nxb6
axb6 15. Rfc1 Bxc3 16. Rxc3 Qe7 17. Qf4 g6 18. d5 cxd5 19. Rc7 Qe6 20. Qh6+ Ke8
21. Rac1 Rf8 22. Qf4 g5 23. Qb4 Kd8 24. Qxf8+ 1-0

[Event "32. Potsdamer Weihnachtsturnier"]
[Site "Potsdam"]
[Date "2007.12.12"]
[Round "1.26"]
[White "Hildebrandt, Stephan"]
[Black "Scheide, Helmut"]
[Result "0-1"]
[WhiteElo "1559"]
[BlackElo "2008"]
[PlyCount "56"]

1. d4 Nf6 2. Nf3 e6 3. c4 b6 4. Nc3 Bb7 5. Bf4 Be7 6. Qc2 d6 7. e4 Nbd7 8. Bd3
c5 9. d5 e5 10. Bd2 a6 11. h3 Nf8 12. Nh2 Bc8 13. Ne2 Ng6 14. g4 Bd7 15. a4 h5
16. g5 Nh7 17. Nf3 Nxg5 18. Neg1 Nxf3+ 19. Nxf3 Bf6 20. O-O-O b5 21. axb5 axb5
22. b3 b4 23. Kb2 O-O 24. Rdg1 Nf4 25. h4 Bg4 26. Ng5 Bxg5 27. hxg5 Bf3 28. Rh2
Qa5 0-1

[Event "32. Potsdamer Weihnachtsturnier"]
[Site "Potsdam"]
[Date "2008.12.27"]
[Round "1.27"]
[White "Stratonowitsch, Andre"]
[Black "Hadlich, Roland"]
[Result "1-0"]
[WhiteElo "2008"]
[BlackElo "1533"]
[PlyCount "55"]

1. e4 c5 2. Nf3 d6 3. d4 cxd4 4. Nxd4 Nf6 5. Nc3 a6 6. Bg5 e6 7. Be2 Nbd7 8.
O-O Qc7 9. a4 Be7 10. Be3 Nc5 11. Bf3 O-O 12. a5 Ncd7 13. Nb3 Ne5 14. Be2 Nc4
15. Bxc4 Qxc4 16. Ra4 Qc6 17. Qd3 Bd8 18. Rd1 b5 19. axb6 Bxb6 20. Rc4 Qb7 21.
Rb4 Nd7 22. Bxb6 Nxb6 23. Qxd6 Rb8 24. Na4 Qd7 25. Rxb6 Rxb6 26. Nxb6 Qxd6 27.
Rxd6 Bb7 28. Nc5 1-0